000 00519nam a2200181Ia 4500
001 8956
005 20260306160648.0
008 260306t2013||||xx |||||||||||||| ||spa||
041 _aESP
082 _a372.1
_bE328 T. 2
100 _aAgulló Morera, María Jesús ...[et. al.]
_eAUT
245 0 _aEducación emocional en la escuela:
_bactividades para el aula, dirigidas a niños de 6 a 7 años
260 _c2013
300 _a232 páginas :
_c21 cm.
650 _aGEN
654 _aCED
942 _cLIB
_dJUS
_fJUS
_2ddc
_n
999 _c8956
_d8956